| 000 | 00455nam a2200157 i 4500 | ||
|---|---|---|---|
| 001 | 24752 | ||
| 003 | ES-MaACL | ||
| 005 | 20230906153123.0 | ||
| 007 | t| | ||
| 008 | 021218s1977 sp ||||1| spa d | ||
| 245 | 0 | 0 |
_aAntropología de España y América / _cEdición a cargo de Miguel Rivera Dorado. |
| 260 |
_aMadrid : _bDosbe, _c[1977] |
||
| 300 |
_a488 p. ; _c24 cm. |
||
| 700 | 1 |
_aRivera Dorado, Miguel. _997649 |
|
| 852 |
_aES-MaACL _jA-7562 _bR.96566 |
||
| 999 |
_c24752 _d24752 |
||